000 00755nam a22002177a 4500
005 20180413152330.0
010 _aENG-122576
020 _a9789352806010
_c1050.00
035 _aEN-106108
037 _bDBAD/PUB
082 _a372.70440941
100 _aHaylock, Derek
245 _aUnerstanding mathematics for young children:
_cby Derek Haylock [and] Anne Cockburn
_ba guide for teachers of children 3-8 /
250 _a4th edi.
260 _aNew Delhi
_bSage Publications
_c2018
270 _aB-1/I-1, Mohan Cooperative Industrial Area, Mathura Road,
_bNew Delhi
_e110044
300 _a325p.
_c25cm.(pbk)
_bill.
500 _aIt include reference and index
700 _dCockburn, Anne
942 _2ddc
_cEN
_mHAY
_h372.70440941
999 _c151194
_d151194